| 000 | 00389nam a2200121Ia 4500 | ||
|---|---|---|---|
| 008 | 200626s9999 xx 000 0 und d | ||
| 020 | _a0-8144-0574-6 | ||
| 100 | _aFitz-enz, Jac | ||
| 245 |
_cJac Fitz-enz.-- _aThe roi of human capital: _bMeasuring the economic value of employee performance:/ |
||
| 260 |
_aNew York: _bAMACOM _c2000 |
||
| 300 | _axviii, 298 pages | ||
| 500 | _aIncludes Index | ||
| 999 |
_c363858 _d363858 |
||